Right or wrong flag? #4 - Sudden Death - Statistics

General Stats
  • This quiz has been taken 312 times
  • The average score is 5 of 20
Answers on the Grid
Answers color-coded by a green-red scale on the quiz's grid according to % correct below.
 
Answer Stats
Answer % Correct
33%
32%
32%
28%
28%
25%
25%
24%
24%
24%
24%
22%
22%
21%
21%
19%
19%
19%
18%
15%
No matching quizzes found
Score Distribution
Percent of People with Each Score
Percentile by Number Answered
Your Score History
You have not taken this quiz